[Event "Staufer op-A 27th"]
[Site "Schwaebisch Gmuend"]
[Date "2015.01.06"]
[Round "9"]
[White "Heimrath, Reiner"]
[Black "Bluma, Marcel"]
[Result "1-0"]
[WhiteElo "2243"]
[BlackElo "2114"]
[PlyCount "63"]
[EventDate "2015.01.02"]
[EventType "swiss"]
[EventRounds "9"]
[EventCountry "GER"]
[SourceTitle "CBM 164 Extra"]
[Source "ChessBase"]
[SourceDate "2015.03.02"]
[SourceVersion "1"]
[SourceVersionDate "2015.03.02"]
[SourceQuality "1"]

1. e4 e5 2. f4 Bc5 3. Nf3 d6 4. Nc3 Bg4 5. Na4 Bb6 6. Nxb6 axb6 7. Bc4 Nc6 8. c3 Nf6 9. h3 Bxf3 10. Qxf3 Qe7 11. 0-0 exf4 12. d4 Qxe4 13. Qf2 0-0 14. Bxf4 Na5 15. Rae1 Qg6 16. Bb5 Qf5 17. Qe2 Qe6 18. Qd3 Qxa2 19. Bh6 Ne8 20. Qg3 Kh8 21. Rxe8 gxh6 22. Rxa8 Rxa8 23. Qf2 Kg8 24. Qg3+ Kh8 25. Qf4 Kg8 26. Qxh6 Qe6 27. Rf6 Qe4 28. Rf4 Qb1+ 29. Kh2 f5 30. Qg5+ Kh8 31. Qf6+ Kg8 32. Rxf5 1-0

[Event "Staufer op-A 27th"]
[Site "Schwaebisch Gmuend"]
[Date "2015.01.02"]
[Round "1"]
[White "Neyman, Igor"]
[Black "Bluma, Marcel"]
[Result "1-0"]
[WhiteElo "2313"]
[BlackElo "2114"]
[PlyCount "53"]
[EventDate "2015.01.02"]
[EventType "swiss"]
[EventRounds "9"]
[EventCountry "GER"]
[SourceTitle "CBM 164 Extra"]
[Source "ChessBase"]
[SourceDate "2015.03.02"]
[SourceVersion "1"]
[SourceVersionDate "2015.03.02"]
[SourceQuality "1"]

1. d4 d5 2. c4 e6 3. Nc3 Nf6 4. Bg5 Be7 5. Nf3 Ne4 6. Bxe7 Qxe7 7. e3 c6 8. Qc2 Nxc3 9. Qxc3 0-0 10. Bd3 f5 11. 0-0 Nd7 12. b4 g5 13. Rac1 g4 14. Nd2 Rf6 15. b5 Rh6 16. Rfe1 Nf8 17. bxc6 bxc6 18. Qa5 Qd6 19. Nf1 Bd7 20. Rb1 Bc8 21. Re2 Ng6 22. Reb2 Nh4 23. c5 Qe7 24. Rb8 Nf3+ 25. gxf3 gxf3 26. Rxa8 Qg5+ 27. Ng3 1-0

[Event "Stuttgart-chA int"]
[Site "Ditzingen"]
[Date "2014.05.31"]
[Round "7"]
[White "Bluma, Marcel"]
[Black "Steinhart, Christoph"]
[Result "1-0"]
[WhiteElo "2100"]
[BlackElo "1967"]
[PlyCount "49"]
[EventDate "2014.05.29"]
[EventType "swiss"]
[EventRounds "7"]
[EventCountry "GER"]
[SourceTitle "EXT 2015"]
[Source "ChessBase"]
[SourceDate "2014.11.20"]
[SourceVersion "1"]
[SourceVersionDate "2014.11.20"]
[SourceQuality "1"]

1. e4 c5 2. Nf3 d6 3. d4 cxd4 4. Nxd4 Nf6 5. Nc3 a6 6. a4 Nc6 7. Be3 e6 8. Be2 Qc7 9. 0-0 b6 10. f4 Bb7 11. Nb3 Be7 12. Kh1 0-0 13. Bf3 Rfd8 14. Qe1 Rac8 15. g4 d5 16. Qf2 dxe4 17. g5 exf3 18. gxf6 Bxf6 19. Bxb6 Qxf4 20. Bxd8 Nxd8 21. Rad1 Rxc3 22. bxc3 Bh4 23. Nc5 Ba8 24. Rd4 Bxf2 25. Rxd8# 1-0

[Event "Stuttgart-chA int"]
[Site "Ditzingen"]
[Date "2014.05.30"]
[Round "3"]
[White "Bluma, Marcel"]
[Black "Raupp, Thomas"]
[Result "0-1"]
[WhiteElo "2100"]
[BlackElo "2310"]
[PlyCount "114"]
[EventDate "2014.05.29"]
[EventType "swiss"]
[EventRounds "7"]
[EventCountry "GER"]
[SourceTitle "EXT 2015"]
[Source "ChessBase"]
[SourceDate "2014.11.20"]
[SourceVersion "1"]
[SourceVersionDate "2014.11.20"]
[SourceQuality "1"]

1. e4 c5 2. Nf3 Nc6 3. d4 cxd4 4. Nxd4 e5 5. Nb3 Nf6 6. Nc3 Bb4 7. Bc4 0-0 8. Bg5 h6 9. Bh4 d6 10. Qd3 Be6 11. Bxe6 fxe6 12. 0-0-0 Qe7 13. Ne2 Rad8 14. c3 Ba5 15. f3 Bb6 16. Qc4 g5 17. Bg3 d5 18. exd5 exd5 19. Qd3 Qh7 20. h4 Qxd3 21. Rxd3 e4 22. fxe4 dxe4 23. Rd6 Rxd6 24. Bxd6 Rc8 25. hxg5 hxg5 26. Bc5 Bxc5 27. Nxc5 b6 28. Nb3 Kg7 29. Ng3 Kg6 30. Re1 Ne5 31. Kc2 Nd3 32. Rg1 Nf4 33. Nd2 g4 34. Nc4 e3 35. Re1 N6d5 36. Nd6 Rc6 37. Nde4 Nxg2 38. Rg1 Nh4 39. c4 Nf6 40. Kd3 e2 41. Nxf6 Nf3 42. Nd5 Nxg1 43. Nf4+ Kf6 44. Ngxe2 Nxe2 45. Nxe2 Kg5 46. b4 Kh4 47. Nd4 Rd6 48. c5 bxc5 49. bxc5 Rxd4+ 50. Kxd4 g3 51. Kd5 g2 52. c6 g1Q 53. Kd6 Qg8 54. Kc7 Qxa2 55. Kb7 a5 56. c7 Qc4 57. Ka8 a4 0-1

[Event "Stuttgart-chA int"]
[Site "Ditzingen"]
[Date "2013.05.12"]
[Round "7"]
[White "Bluma, Marcel"]
[Black "Montigel, Philipp"]
[Result "1-0"]
[WhiteElo "2109"]
[BlackElo "2144"]
[PlyCount "55"]
[EventDate "2013.05.09"]
[EventType "swiss"]
[EventRounds "7"]
[EventCountry "GER"]
[SourceTitle "EXT 2014"]
[Source "ChessBase"]
[SourceDate "2013.11.20"]
[SourceVersion "1"]
[SourceVersionDate "2013.11.20"]
[SourceQuality "1"]

1. e4 e5 2. Bc4 Nf6 3. d3 Nc6 4. Nf3 Bc5 5. Be3 Bb6 6. Nbd2 0-0 7. h3 d6 8. c3 Be6 9. Bg5 a6 10. Qe2 Qe7 11. g4 Ba7 12. 0-0-0 Bxc4 13. Nxc4 b5 14. Ne3 Bxe3+ 15. fxe3 Qe6 16. Kb1 Ne7 17. Bxf6 Qxf6 18. h4 d5 19. Ng5 c6 20. Qh2 Qd6 21. Nf3 f6 22. g5 dxe4 23. dxe4 Qc5 24. gxf6 Rxf6 25. Nxe5 Re6 26. Ng4 Rxe4 27. Nf6+ gxf6 28. Qg2+ 1-0

[Event "Stuttgart-chA int"]
[Site "Ditzingen"]
[Date "2013.05.09"]
[Round "1"]
[White "Bluma, Marcel"]
[Black "Zeller, Elisa"]
[Result "1-0"]
[WhiteElo "2109"]
[BlackElo "1896"]
[PlyCount "113"]
[EventDate "2013.05.09"]
[EventType "swiss"]
[EventRounds "7"]
[EventCountry "GER"]
[SourceTitle "EXT 2014"]
[Source "ChessBase"]
[SourceDate "2013.11.20"]
[SourceVersion "1"]
[SourceVersionDate "2013.11.20"]
[SourceQuality "1"]

1. e4 e6 2. d4 d5 3. exd5 exd5 4. Bd3 Nc6 5. c3 Nge7 6. Qc2 Be6 7. Ne2 Qd7 8. Bf4 Ng6 9. Nd2 0-0-0 10. 0-0-0 Bd6 11. Bxd6 Qxd6 12. g3 Kb8 13. Nb3 Bg4 14. Nc5 Nge5 15. Ba6 Na5 16. Bxb7 Nxb7 17. Nxb7 Kxb7 18. dxe5 Qxe5 19. Rd2 Rhe8 20. Qb3+ Ka8 21. Nd4 c5 22. Nb5 c4 23. Qa4 Re7 24. Nd4 Rc8 25. f3 Bd7 26. Qa5 Be8 27. Nc2 Rd7 28. Nb4 Rc6 29. Nxd5 Qb8 30. Rhd1 Rb7 31. Nb4 Rc8 32. Rd8 Rbc7 33. R8d6 Rc5 34. Qa3 Qb7 35. Nd5 R5c6 36. f4 Rxd6 37. Qxd6 Ba4 38. Re1 Qd7 39. Qxd7 Bxd7 40. Re7 Bc6 41. Nc7+ Kb8 42. Na6+ Ka8 43. Rxf7 Rd8 44. Nc7+ Kb8 45. Ne6 Re8 46. Nd4 Bg2 47. b3 Re1+ 48. Kb2 cxb3 49. axb3 Rh1 50. Rxg7 Rxh2 51. Ka3 Be4 52. Kb4 Rh6 53. g4 Rf6 54. f5 h5 55. gxh5 Rh6 56. c4 Rxh5 57. f6 1-0

[Event "Staufer op 25th"]
[Site "Schwaebisch Gmuend"]
[Date "2013.01.04"]
[Round "5"]
[White "Bluma, Marcel"]
[Black "Kalinitschew, Sergey"]
[Result "1/2-1/2"]
[WhiteElo "2097"]
[BlackElo "2472"]
[PlyCount "69"]
[EventDate "2013.01.02"]
[EventType "swiss"]
[EventRounds "9"]
[EventCountry "GER"]
[SourceTitle "CBM 152 Extra"]
[Source "ChessBase"]
[SourceDate "2013.02.25"]
[SourceVersion "1"]
[SourceVersionDate "2013.02.25"]
[SourceQuality "1"]

1. e4 c5 2. Nf3 Nc6 3. d4 cxd4 4. Nxd4 e5 5. Nb3 Nf6 6. Nc3 Bb4 7. Bc4 d6 8. Qd3 Be6 9. Bd5 Rc8 10. Bg5 h6 11. Bh4 g5 12. Bg3 Bxc3+ 13. bxc3 Bxd5 14. exd5 Ne7 15. c4 b6 16. h4 Rg8 17. h5 Qd7 18. f3 Kf8 19. a4 Nf5 20. Bf2 g4 21. a5 gxf3 22. Qxf3 e4 23. Qh3 Rxc4 24. axb6 e3 25. 0-0 axb6 26. Bxe3 Rgg4 27. Ra8+ Kg7 28. Qf3 Rxg2+ 29. Qxg2+ Rg4 30. Qxg4+ Nxg4 31. Bd4+ Nxd4 32. Nxd4 Ne3 33. Rf4 Qh3 34. Ne6+ fxe6 35. Ra7+ 1/2-1/2

[Event "Stuttgart-ch op-A"]
[Site "Ditzingen"]
[Date "2012.05.20"]
[Round "7"]
[White "Pogan, Nikolas"]
[Black "Bluma, Marcel"]
[Result "1/2-1/2"]
[WhiteElo "2223"]
[BlackElo "2085"]
[PlyCount "82"]
[EventDate "2012.05.17"]
[EventType "swiss"]
[EventRounds "7"]
[EventCountry "GER"]
[SourceTitle "EXT 2015"]
[Source "ChessBase"]
[SourceDate "2014.11.20"]
[SourceVersion "1"]
[SourceVersionDate "2014.11.20"]
[SourceQuality "1"]

1. c4 e5 2. Nc3 Nf6 3. g3 d5 4. cxd5 Nxd5 5. Bg2 Be6 6. Nf3 Nc6 7. 0-0 Be7 8. d4 exd4 9. Nxd4 Nxd4 10. Qxd4 Nxc3 11. Qxc3 0-0 12. Bf4 c6 13. Rfd1 Qb6 14. Be5 Bb4 15. Qc1 Bc5 16. Qf4 Rad8 17. Be4 f6 18. Bc3 Rxd1+ 19. Rxd1 Rd8 20. Rxd8+ Qxd8 21. Bxh7+ Kf7 22. Bc2 Bxa2 23. b3 Qe7 24. Qc4+ Ke8 25. e4 b5 26. Qd3 Bb6 27. h4 Qc5 28. Be1 Qe5 29. Kg2 a5 30. Bd2 a4 31. bxa4 Bc4 32. Qc3 Qh5 33. Be3 Bc7 34. axb5 Qe2 35. b6 Qf1+ 36. Kh2 Bxg3+ 37. Kxg3 Qg1+ 38. Kf3 Qh1+ 39. Kg3 Qg1+ 40. Kf3 Qh1+ 41. Kg3 Qg1+ 1/2-1/2

[Event "Stuttgart-ch op-A"]
[Site "Ditzingen"]
[Date "2012.05.19"]
[Round "6"]
[White "Bluma, Marcel"]
[Black "Bodrozic, Tomislav"]
[Result "1/2-1/2"]
[WhiteElo "2085"]
[BlackElo "2195"]
[PlyCount "39"]
[EventDate "2012.05.17"]
[EventType "swiss"]
[EventRounds "7"]
[EventCountry "GER"]
[SourceTitle "EXT 2015"]
[Source "ChessBase"]
[SourceDate "2014.11.20"]
[SourceVersion "1"]
[SourceVersionDate "2014.11.20"]
[SourceQuality "1"]

1. e4 c5 2. Nf3 d6 3. d4 cxd4 4. Nxd4 Nf6 5. Nc3 a6 6. Be2 e5 7. Nb3 Be7 8. a4 Be6 9. 0-0 0-0 10. Kh1 Nc6 11. f4 exf4 12. Bxf4 Rc8 13. Nd4 Nxd4 14. Qxd4 Ne8 15. Rad1 Bf6 16. e5 dxe5 17. Bxe5 Qxd4 18. Bxd4 Bxd4 19. Rxd4 Nf6 20. Bf3 1/2-1/2

[Event "GER-ch U18"]
[Site "Oberhof"]
[Date "2011.06.15"]
[Round "6"]
[White "Bluma, Marcel"]
[Black "Mueller, Tobias"]
[Result "1/2-1/2"]
[WhiteElo "2099"]
[BlackElo "2118"]
[PlyCount "84"]
[EventDate "2011.06.11"]
[EventType "swiss"]
[EventRounds "9"]
[EventCountry "GER"]
[SourceTitle "CBM 142 Extra"]
[Source "ChessBase"]
[SourceDate "2011.06.27"]
[SourceVersion "1"]
[SourceVersionDate "2011.06.27"]
[SourceQuality "1"]

1. e4 c5 2. Nf3 d6 3. d4 cxd4 4. Nxd4 Nf6 5. Nc3 g6 6. Bg5 Bg7 7. Bb5+ Bd7 8. Qe2 a6 9. Bxd7+ Nbxd7 10. 0-0-0 Qa5 11. f4 Rc8 12. Nb3 Qc7 13. Rhe1 h6 14. Bxf6 Bxf6 15. Nd5 Qc4 16. Qxc4 Rxc4 17. Na5 Rc5 18. Nxb7 Bxb2+ 19. Kb1 Rc8 20. Nxd6+ exd6 21. Kxb2 f6 22. Rd3 Kf7 23. Nc3 Rc6 24. Red1 Rb8+ 25. Ka1 Nb6 26. Rb1 Rbc8 27. Rb3 h5 28. h3 Ke6 29. g4 hxg4 30. hxg4 Rh8 31. a4 Rh2 32. f5+ gxf5 33. exf5+ Ke5 34. Rb4 Rxc3 35. Rxc3 Nd5 36. Rbc4 Nxc3 37. Rxc3 Rg2 38. Re3+ Kd5 39. Rd3+ Kc5 40. Rc3+ Kd5 41. Rd3+ Kc5 42. Rc3+ Kd5 1/2-1/2

[Event "GER-ch Net qual3 U18"]
[Site "Playchess.com INT"]
[Date "2011.05.08"]
[Round "6"]
[White "Carow, Annelen"]
[Black "Bluma, Marcel"]
[Result "1-0"]
[WhiteElo "1919"]
[BlackElo "2099"]
[PlyCount "81"]
[EventDate "2011.05.08"]
[EventType "swiss (blitz)"]
[EventRounds "7"]
[EventCountry "GER"]
[SourceTitle "CBM 142 Extra"]
[Source "ChessBase"]
[SourceDate "2011.06.27"]
[SourceVersion "1"]
[SourceVersionDate "2011.06.27"]
[SourceQuality "1"]

1. Nf3 Nc6 2. g3 d5 3. c4 e6 4. Bg2 Nf6 5. 0-0 Bd6 6. d4 0-0 7. Nbd2 dxc4 8. Nxc4 e5 9. dxe5 Be6 10. Nxd6 cxd6 11. exf6 Qxf6 12. Bg5 Qg6 13. Bf4 d5 14. Rc1 h6 15. Nd4 Nxd4 16. Qxd4 Qf5 17. Qe5 Qh7 18. Rc7 g5 19. Be3 Rae8 20. Qc3 Qg6 21. Bc5 h5 22. Bxf8 Rxf8 23. Rxb7 h4 24. Qd3 Bf5 25. Qxd5 h3 26. Bf3 g4 27. Bh1 Re8 28. e4 Bc8 29. Rb4 Be6 30. Qd4 Qg5 31. f4 Qa5 32. a3 Rd8 33. Qc3 Rc8 34. Qe3 Rc2 35. f5 Bc4 36. Qg5+ Kh7 37. Qh5+ Kg7 38. f6+ Kg8 39. Qxa5 Rc1 40. Qg5+ Kf8 41. Rb8# 1-0

[Event "GER-ch Net qual3 U18"]
[Site "Playchess.com INT"]
[Date "2011.05.08"]
[Round "2"]
[White "Florstedt, Johannes"]
[Black "Bluma, Marcel"]
[Result "1-0"]
[WhiteElo "1911"]
[BlackElo "2099"]
[PlyCount "75"]
[EventDate "2011.05.08"]
[EventType "swiss (blitz)"]
[EventRounds "7"]
[EventCountry "GER"]
[SourceTitle "CBM 142 Extra"]
[Source "ChessBase"]
[SourceDate "2011.06.27"]
[SourceVersion "1"]
[SourceVersionDate "2011.06.27"]
[SourceQuality "1"]

1. e4 e5 2. f4 Bc5 3. Nf3 d6 4. Nc3 Nc6 5. Bc4 Bg4 6. d3 d5 7. Nxd5 Nd4 8. c3 Bxf3 9. Qa4+ Nc6 10. gxf3 Qh4+ 11. Kd1 Qf2 12. Bd2 Qxf3+ 13. Kc2 0-0-0 14. fxe5 Nxe5 15. Rhf1 Qh5 16. Rf5 Qxh2 17. d4 Nxc4 18. Qxc4 Bb6 19. Rxf7 Nf6 20. Nxb6+ axb6 21. Rh1 b5 22. Qe6+ Kb8 23. Rxh2 b4 24. Rxg7 bxc3 25. bxc3 Ne8 26. Rgxh7 Rf8 27. Qe7 Nd6 28. Qxc7+ Ka8 29. e5 Rc8 30. exd6 Rxc7 31. dxc7 b5 32. Rh8 Kb7 33. Rxf8 Kxc7 34. Rh7+ Kb6 35. Rf6+ Ka5 36. c4+ b4 37. Rh5+ Ka4 38. Ra6# 1-0

[Event "Stuttgart-chA int"]
[Site "Ditzingen"]
[Date "2010.05.14"]
[Round "3"]
[White "Zhou, Syang"]
[Black "Bluma, Marcel"]
[Result "1-0"]
[WhiteElo "2206"]
[BlackElo "2095"]
[PlyCount "75"]
[EventDate "2010.05.13"]
[EventType "swiss"]
[EventRounds "7"]
[EventCountry "GER"]
[SourceTitle "EXT 2018"]
[Source "ChessBase"]
[SourceDate "2017.10.13"]
[SourceVersion "1"]
[SourceVersionDate "2017.10.13"]
[SourceQuality "1"]

1. a3 e5 2. c4 Nf6 3. d3 Bc5 4. Nf3 d6 5. g3 0-0 6. Bg2 Nc6 7. 0-0 a5 8. Nc3 Ne7 9. Bg5 Ne8 10. b4 Bb6 11. Nd5 f6 12. Nxb6 cxb6 13. Bd2 Nc6 14. d4 Bg4 15. dxe5 axb4 16. exf6 Nxf6 17. axb4 Rxa1 18. Qxa1 Qd7 19. Bc3 Ne4 20. b5 Nxc3 21. Qxc3 Bxf3 22. Bxf3 Ne5 23. Bd5+ Kh8 24. Qd4 Ng6 25. Qxb6 Qg4 26. Bf3 Qxc4 27. Qxb7 Ne5 28. Qe7 Rb8 29. Qxd6 Qxb5 30. Rd1 Nxf3+ 31. exf3 h6 32. Kg2 Qb3 33. Re1 Rb6 34. Re8+ Kh7 35. Qd8 Rf6 36. Rh8+ Kg6 37. Qe8+ Kg5 38. h4+ 1-0

[Event "Boeblingen op 26th"]
[Site "Boeblingen"]
[Date "2009.12.30"]
[Round "8"]
[White "Bluma, Marcel"]
[Black "Kniest, Oliver"]
[Result "0-1"]
[WhiteElo "2108"]
[BlackElo "2322"]
[PlyCount "78"]
[EventDate "2009.12.26"]
[EventType "swiss"]
[EventRounds "9"]
[EventCountry "GER"]
[SourceTitle "CBM 134 Extra"]
[Source "ChessBase"]
[SourceDate "2010.03.03"]
[SourceVersion "1"]
[SourceVersionDate "2010.03.03"]
[SourceQuality "1"]

1. e4 e5 2. Nf3 Nc6 3. Bc4 Nf6 4. d3 Be7 5. Nc3 0-0 6. Bg5 d6 7. Qd2 Na5 8. 0-0-0 c6 9. Rdg1 Nxc4 10. dxc4 Be6 11. g4 Kh8 12. Bxf6 Bxf6 13. h4 Bxc4 14. g5 Be7 15. h5 f5 16. Nh4 f4 17. f3 Bxg5 18. Qg2 Bh6 19. Rh2 Rf6 20. Kb1 Be6 21. Nd1 Qd7 22. Nf2 Re8 23. Qh1 d5 24. Nd3 dxe4 25. fxe4 Bc4 26. Nf2 Be2 27. Nf5 Rd8 28. b3 f3 29. Ng4 Rxf5 30. exf5 Qxf5 31. Nxh6 gxh6 32. Rf2 Rd2 33. Rc1 e4 34. Qh2 e3 35. Qb8+ Kg7 36. Rg1+ Kf6 37. Qf8+ Ke5 38. Qc5+ Ke4 39. Rh2 Qxc5 0-1

[Event "Wuerttemberg-ch U12"]
[Site "Friedrichshafen"]
[Date "2005.04.01"]
[Round "6"]
[White "Bluma, Marcel"]
[Black "Gheng, Hannelore"]
[Result "1-0"]
[WhiteElo "1182"]
[BlackElo "1224"]
[PlyCount "117"]
[EventDate "2005.03.29"]
[EventType "swiss"]
[EventRounds "7"]
[EventCountry "GER"]
[SourceTitle "EXT 2007"]
[Source "ChessBase"]
[SourceDate "2006.11.23"]
[SourceVersion "1"]
[SourceVersionDate "2006.11.23"]
[SourceQuality "1"]

1. e4 c5 2. d4 cxd4 3. c3 d3 4. Bxd3 d6 5. Nf3 Nf6 6. Bg5 e6 7. Nbd2 Be7 8. 0-0 0-0 9. Qc2 h6 10. Bh4 Bd7 11. e5 dxe5 12. Nxe5 Nc6 13. Nxd7 Qxd7 14. Ne4 Ng4 15. Bxe7 Qxe7 16. h3 Nge5 17. f4 Ng6 18. Rae1 f5 19. Ng3 Qc5+ 20. Kh1 b5 21. Rxe6 Nh4 22. Ree1 b4 23. cxb4 Qxc2 24. Bxc2 Nxb4 25. Bb3+ Kh7 26. Re7 Nd3 27. Nh5 Kh8 28. Rxg7 Nc5 29. g3 Nxb3 30. axb3 Rg8 31. Rxg8+ Rxg8 32. gxh4 Rb8 33. Rf3 Kg8 34. Ng3 Rb5 35. Rd3 Kf7 36. Rd7+ Ke6 37. Rxa7 Rxb3 38. Ra6+ Kf7 39. Nxf5 Rxh3+ 40. Kg2 Rb3 41. Nxh6+ Kg7 42. Nf5+ Kh7 43. Ra2 Kg6 44. Ng3 Rb4 45. f5+ Kf6 46. Kh3 Ke5 47. h5 Kf6 48. Ra6+ Kf7 49. h6 Rxb2 50. Kh4 Rb8 51. Kg5 Rg8+ 52. Rg6 Rh8 53. Nh5 Kf8 54. f6 Kf7 55. Rg7+ Kf8 56. h7 Rxh7 57. Rxh7 Kg8 58. Kg6 Kf8 59. Rh8# 1-0

[Event "GER-ch U10"]
[Site "Willingen"]
[Date "2004.06.04"]
[Round "10"]
[White "Bluma, Marcel"]
[Black "Falke, Johannes"]
[Result "1-0"]
[WhiteElo "1173"]
[BlackElo "761"]
[PlyCount "67"]
[EventDate "2004.06.??"]
[EventType "swiss"]
[EventRounds "11"]
[EventCountry "GER"]
[SourceTitle "EXT 2005"]
[Source "ChessBase"]
[SourceDate "2004.11.15"]
[SourceVersion "1"]
[SourceVersionDate "2004.11.15"]
[SourceQuality "1"]

1. e4 e5 2. Nf3 Nc6 3. Bc4 Nf6 4. d3 Bc5 5. Bg5 d6 6. h3 Bd7 7. Nc3 h6 8. Bh4 g5 9. Bg3 Qe7 10. Qd2 0-0-0 11. 0-0-0 Nh7 12. h4 g4 13. Nh2 h5 14. Nd5 Qe8 15. f3 gxf3 16. Nxf3 f5 17. exf5 Bxf5 18. Ng5 Nxg5 19. hxg5 Nd4 20. c3 Ne6 21. Bh4 Kb8 22. g6 Rc8 23. Ne7 Rd8 24. Nxf5 Rd7 25. Rhf1 Rg8 26. Bxe6 Qxe6 27. g7 Qxa2 28. Nh6 Rc8 29. g8Q Rxg8 30. Nxg8 Qxg8 31. Qg5 Rg7 32. Qf6 Rxg2 33. Qf8+ Qxf8 34. Rxf8# 1-0

[Event "GER-ch U10"]
[Site "Willingen"]
[Date "2004.06.04"]
[Round "11"]
[White "Duessler, Stefanie"]
[Black "Bluma, Marcel"]
[Result "0-1"]
[WhiteElo "903"]
[BlackElo "1173"]
[PlyCount "54"]
[EventDate "2004.06.??"]
[EventType "swiss"]
[EventRounds "11"]
[EventCountry "GER"]
[SourceTitle "EXT 2005"]
[Source "ChessBase"]
[SourceDate "2004.11.15"]
[SourceVersion "1"]
[SourceVersionDate "2004.11.15"]
[SourceQuality "1"]

1. e4 e5 2. Nf3 Nc6 3. Bc4 Nd4 4. Nxd4 exd4 5. c3 Bc5 6. d3 Qf6 7. 0-0 d6 8. Qe2 Be6 9. Bxe6 fxe6 10. Qc2 Ne7 11. cxd4 Qxd4 12. Be3 Qe5 13. Nc3 0-0 14. Rad1 Qf6 15. d4 Bb6 16. d5 e5 17. Bxb6 axb6 18. Qd3 Ng6 19. Nb5 Nf4 20. Qe3 Qg6 21. Qg3 Ne2+ 22. Kh1 Nxg3+ 23. fxg3 Rxf1+ 24. Rxf1 Rf8 25. Re1 Qf6 26. Kg1 Qf2+ 27. Kh1 Qxe1# 0-1

[Event "GER-ch U10"]
[Site "Willingen"]
[Date "2004.06.03"]
[Round "9"]
[White "Weissenburg, Isabel"]
[Black "Bluma, Marcel"]
[Result "0-1"]
[WhiteElo "878"]
[BlackElo "1173"]
[PlyCount "74"]
[EventDate "2004.06.??"]
[EventType "swiss"]
[EventRounds "11"]
[EventCountry "GER"]
[SourceTitle "EXT 2005"]
[Source "ChessBase"]
[SourceDate "2004.11.15"]
[SourceVersion "1"]
[SourceVersionDate "2004.11.15"]
[SourceQuality "1"]

1. e4 e5 2. Nc3 Nf6 3. g3 Bc5 4. Bg2 d6 5. h3 Nc6 6. Nge2 Be6 7. Nd5 Nd4 8. c3 Nxe2 9. Qxe2 c6 10. Nxf6+ Qxf6 11. 0-0 0-0 12. Kh2 d5 13. f4 exf4 14. Rxf4 Qg6 15. exd5 cxd5 16. d4 Bd6 17. Rh4 Bxg3+ 18. Kh1 Bxh4 19. Be3 Rfe8 20. Rg1 Qg3 21. Bf1 Qe1 22. Qg2 g6 23. Bd2 Qe4 24. Bh6 Qxg2+ 25. Bxg2 f5 26. c4 dxc4 27. Bxb7 Rab8 28. Bc6 Rec8 29. d5 Rxb2 30. Rc1 Bf7 31. Rxc4 g5 32. Ra4 Be8 33. Rxa7 Bxc6 34. dxc6 Re8 35. Rg7+ Kh8 36. Rxh7+ Kxh7 37. c7 Re1# 0-1

[Event "GER-ch U10"]
[Site "Willingen"]
[Date "2004.06.01"]
[Round "6"]
[White "Bluma, Marcel"]
[Black "Rafayevych, Vilen"]
[Result "0-1"]
[WhiteElo "1173"]
[BlackElo "1425"]
[PlyCount "92"]
[EventDate "2004.06.??"]
[EventType "swiss"]
[EventRounds "11"]
[EventCountry "GER"]
[SourceTitle "EXT 2005"]
[Source "ChessBase"]
[SourceDate "2004.11.15"]
[SourceVersion "1"]
[SourceVersionDate "2004.11.15"]
[SourceQuality "1"]

1. e4 c5 2. d4 cxd4 3. c3 dxc3 4. Nxc3 d6 5. Bc4 Nf6 6. Nf3 e6 7. Bg5 Be7 8. 0-0 Nc6 9. Re1 0-0 10. Qc2 Bd7 11. Bd3 Nb4 12. Qd2 Nxd3 13. Qxd3 Rc8 14. Bxf6 Bxf6 15. Rad1 Be7 16. Ne5 dxe5 17. Qxd7 Rc7 18. Qxd8 Rxd8 19. Rxd8+ Bxd8 20. Nb5 Rc5 21. Rd1 Bb6 22. Nxa7 h6 23. b4 Rc2 24. Nb5 Rxf2 25. Nd4 Rxa2 26. g4 Ra1 27. Rxa1 Bxd4+ 28. Kf1 Bxa1 29. h4 b5 30. g5 Bc3 31. gxh6 gxh6 32. Ke2 Bxb4 33. Kd3 Be7 34. Kc3 f5 35. exf5 exf5 36. h5 f4 37. Kd3 b4 38. Kd2 f3 39. Ke1 b3 40. Kf2 b2 41. Kg3 b1Q 42. Kg4 Qe4+ 43. Kg3 Bh4+ 44. Kh3 Be1 45. Kh2 Qg4 46. Kh1 Qg2# 0-1

[Event "Wuertemberg-ch U10"]
[Site "Germany"]
[Date "2004.04.16"]
[Round "6"]
[White "Mayer, Kevin"]
[Black "Bluma, Marcel"]
[Result "0-1"]
[WhiteElo "1010"]
[BlackElo "876"]
[PlyCount "64"]
[EventDate "2004.04.??"]
[EventType "swiss"]
[EventRounds "7"]
[EventCountry "GER"]
[SourceTitle "EXT 2005"]
[Source "ChessBase"]
[SourceDate "2004.11.15"]
[SourceVersion "1"]
[SourceVersionDate "2004.11.15"]
[SourceQuality "1"]

1. d4 e5 2. dxe5 Nc6 3. Nf3 Qe7 4. Nc3 Nxe5 5. Nxe5 Qxe5 6. e3 Bb4 7. Bd2 Nf6 8. a3 Bc5 9. Bb5 a6 10. Ba4 b5 11. Bb3 d5 12. 0-0 0-0 13. Qe2 Bd6 14. f4 Qe6 15. Rf3 Bb7 16. Rg3 c5 17. Qf3 c4 18. Ba2 Rab8 19. Qe2 Rfe8 20. Rf1 d4 21. Nd1 Rbd8 22. c3 d3 23. Qe1 Ne4 24. Rh3 Qg6 25. Rh4 Nf6 26. Rf2 Ng4 27. Rf1 Nxe3 28. Nxe3 Rxe3 29. Qf2 Re2 30. Qg3 Rxg2+ 31. Kh1 Rxg3+ 32. Rf3 Bxf3# 0-1